ARRUPE JESUIT UNIVERSITY

CORONAVIRUS -STOP THE SPREAD - CLEAN,DISINFECT,COVER

The satires of Horace and Persius; (Record no. 118691)

MARC details
000 -LEADER
fixed length control field 01092cam a2200349 4500
001 - CONTROL NUMBER
control field 2209097
003 - CONTROL NUMBER IDENTIFIER
control field ARRUPE
005 - DATE AND TIME OF LATEST TRANSACTION
control field 20131126132837.0
008 - FIXED-LENGTH DATA ELEMENTS--GENERAL INFORMATION
fixed length control field 740421s1973 enk b 001 0 eng
010 ## - LIBRARY OF CONGRESS CONTROL NUMBER
LC control number 74162411
015 ## - NATIONAL BIBLIOGRAPHY NUMBER
National bibliography number GB74-00626
020 ## - INTERNATIONAL STANDARD BOOK NUMBER
International Standard Book Number 0140442790
040 ## - CATALOGING SOURCE
Original cataloging agency DLC
Transcribing agency DLC
Modifying agency DLC
041 1# - LANGUAGE CODE
Language code of text/sound track or separate title englat
050 00 - LIBRARY OF CONGRESS CALL NUMBER
Classification number PA6164
Item number .H713
300 ## - PHYSICAL DESCRIPTION
Dimensions 19 cm.
100 0# - MAIN ENTRY--PERSONAL NAME
Personal name Horace.
9 (RLIN) 3884
240 10 - UNIFORM TITLE
Uniform title <a href="Satirae.">Satirae.</a>
Language of a work English
245 04 - TITLE STATEMENT
Title The satires of Horace and Persius;
Statement of responsibility, etc a verse translation with an introduction and notes by Niall Rudd.
260 ## - PUBLICATION, DISTRIBUTION, ETC. (IMPRINT)
Place of publication, distribution, etc London,
Name of publisher, distributor, etc Penguin,
Date of publication, distribution, etc 1973.
300 ## - PHYSICAL DESCRIPTION
Extent [7], 193 p.
350 ## - PRICE (NR) (BK AM CF MU VM SE) [OBSOLETE]
Price £0.40
490 0# - SERIES STATEMENT
Series statement The Penguin classics
500 ## - GENERAL NOTE
General note Includes index.
504 ## - BIBLIOGRAPHY, ETC. NOTE
Bibliography, etc Bibliography: p. 186-189.
650 #0 - SUBJECT ADDED ENTRY--TOPICAL TERM
Topical term or geographic name as entry element Verse satire, Latin
General subdivision Translations into English.
9 (RLIN) 3885
650 #0 - SUBJECT ADDED ENTRY--TOPICAL TERM
Topical term or geographic name as entry element Latin poetry
General subdivision Translations into English.
9 (RLIN) 3886
651 #0 - SUBJECT ADDED ENTRY--GEOGRAPHIC NAME
Geographic name Rome
General subdivision Poetry.
9 (RLIN) 3887
700 22 - ADDED ENTRY--PERSONAL NAME
Personal name Persius.
Title of a work Satyrae.
Language of a work English.
Date of a work 1973.
9 (RLIN) 3888
700 1# - ADDED ENTRY--PERSONAL NAME
Personal name Rudd, Niall,
Relator term tr.
9 (RLIN) 3889
906 ## - LOCAL DATA ELEMENT F, LDF (RLIN)
a 7
b cbc
c orignew
d 3
e ncip
f 19
g y-gencatlg
942 ## - ADDED ENTRY ELEMENTS (KOHA)
Source of classification or shelving scheme Library of Congress Classification
Koha item type Monograph ( Printed materials)
Holdings
Withdrawn status Lost status Source of classification or shelving scheme Damaged status Not for loan Home library Current library Shelving location Date acquired Total Checkouts Full call number Barcode Date last seen Price effective from Koha item type
    Library of Congress Classification     ARRUPE LIBRARY ARRUPE LIBRARY Main Collection 26/11/2013   PA6164 .H713 46410264 26/11/2013 26/11/2013 Monograph ( Printed materials)

 

Arrupe Library. PO Box MP320 Mt Pleasant, Harare, Zimbabwe
263 242 745411|librarian@aju.ac.zw